AI asistent pre podporu VŠ štúdia

Saved in:
Bibliographic Details
Main Author: Ryzhkova, Diana (Author)
Other Authors: Rozinaj, Gregor (Thesis advisor)
Format: Manuscript Book
Language:Slovak
Published: Bratislava : STU v Bratislave FEI, 2025
Subjects:
Online Access:https://opac.crzp.sk/?fn=detailBiblioFormChildC6142&sid=BA75C2D62745AD5726EF9A9ED92F&seo=CRZP-detail-kniha
Tags: Add Tag
No Tags, Be the first to tag this record!

MARC

LEADER 00000ntm a22000003a 4500
001 stuzp105917
003 SK-STU
005 20260206103656.8
007 ta
008 150427s2015----xo-----f-mn---000-0-slo-d
040 |a STU  |b slo 
041 0 |a slo 
044 |a xo 
100 1 |a Ryzhkova, Diana  |u 037000  |4 aut  |U FEI Fakulta elektrotechniky a informatiky  |T FEI Ústav multimediálnych informačných a komunikačných technológií  |X 117431  |U E070  |Y 818  |7 117431 
242 0 1 |a AI Assistant for University Education  |y eng 
245 1 0 |a AI asistent pre podporu VŠ štúdia 
260 |a Bratislava :  |b STU v Bratislave FEI,  |c 2025 
300 |a 48 s. 
650 4 |a AI asistent  |2 slo 
650 4 |a Personalizácia  |2 slo 
650 4 |a Univerzitné vzdelávanie  |2 slo 
650 4 |a RAG  |2 slo 
650 4 |a Testovanie znalostí  |2 slo 
650 4 |a Interaktivita  |2 slo 
650 4 |a AI assistant  |2 eng 
650 4 |a University education  |2 eng 
650 4 |a Knowledge testing  |2 eng 
650 4 |a Personalization  |2 eng 
650 4 |a RAG  |2 eng 
650 4 |a Interactivity  |2 eng 
700 1 |a Rozinaj, Gregor  |u 037000  |k Z1  |4 ths  |U FEI Fakulta elektrotechniky a informatiky  |T FEI Ústav multimediálnych informačných a komunikačných technológií  |X 1945  |U E070  |Y 818  |7 A000001945 
856 4 |u https://opac.crzp.sk/?fn=detailBiblioFormChildC6142&sid=BA75C2D62745AD5726EF9A9ED92F&seo=CRZP-detail-kniha